Normal view
MARC view
- Middle West
Entry Geographic Name
001 - CONTROL NUMBER
- control field: 85921
003 - CONTROL NUMBER IDENTIFIER
- control field: NUST
005 - DATE AND TIME OF LATEST TRANSACTION
- control field: 20211207135159.0
008 - FIXED-LENGTH DATA ELEMENTS
- fixed length control field: 211207|| aca||aabn | a|a d
040 ## - CATALOGING SOURCE
- Original cataloging agency: NUST
- Transcribing agency: NUST
151 ## - HEADING--GEOGRAPHIC NAME
- Geographic name: Middle West
- General subdivision: Geography
670 ## - SOURCE DATA FOUND
- Source citation: Work cat.: (NUST)0: Fisher, Ron, 1938- 85917, Heartland of a continent :, c1991.
